জয়নুল আবেদিন : তার কাজ ও কথা / (Record no. 18725)
[ view plain ]
| 000 -LEADER | |
|---|---|
| fixed length control field | 00895nam a22002177a 4500 |
| 003 - CONTROL NUMBER IDENTIFIER | |
| control field | BDDh-ASL |
| 005 - DATE AND TIME OF LATEST TRANSACTION | |
| control field | 20231015025728.0 |
| 008 - FIXED-LENGTH DATA ELEMENTS--GENERAL INFORMATION | |
| fixed length control field | 201022s2002 b ||||| |||| 00| 0 be d |
| 020 ## - INTERNATIONAL STANDARD BOOK NUMBER | |
| International Standard Book Number | 984824315 |
| 040 ## - CATALOGING SOURCE | |
| Original cataloging agency | BDDh-ASL |
| Transcribing agency | BDDh-ASL |
| 041 ## - LANGUAGE CODE | |
| Language code of text/sound track or separate title | ben |
| 082 ## - DEWEY DECIMAL CLASSIFICATION NUMBER | |
| Classification number | 927 |
| Item number | ISZ |
| 100 1# - MAIN ENTRY--PERSONAL NAME | |
| Personal name | ইসলাম, নজরুল |
| 9 (RLIN) | 559 |
| 245 10 - TITLE STATEMENT | |
| Title | জয়নুল আবেদিন : তার কাজ ও কথা / |
| Statement of responsibility, etc. | নজরুল ইসলাম । |
| 246 ## - VARYING FORM OF TITLE | |
| Title proper/short title | Zainul Abedin : His Works and Words by Nazrul Islam |
| 260 ## - PUBLICATION, DISTRIBUTION, ETC. | |
| Place of publication, distribution, etc. | ঢাকা : |
| Name of publisher, distributor, etc. | সমাবেশ, |
| Date of publication, distribution, etc. | 2002. |
| 300 ## - PHYSICAL DESCRIPTION | |
| Extent | ১২৮ পৃ. : |
| Dimensions | ২২ সে. মি. |
| 600 10 - SUBJECT ADDED ENTRY--PERSONAL NAME | |
| 9 (RLIN) | 1601 |
| Personal name | আবেদিন, জয়নুল |
| General subdivision | জীবনী |
| 650 #0 - SUBJECT ADDED ENTRY--TOPICAL TERM | |
| Topical term or geographic name entry element | চারুশিল্প, Cāruśilpa art, Arts and Crafts, চারু ও কারুশিল্প, Cāru ō kāruśilpa |
| 9 (RLIN) | 1602 |
| 942 ## - ADDED ENTRY ELEMENTS (KOHA) | |
| Source of classification or shelving scheme | Dewey Decimal Classification |
| Koha item type | Books |
| Withdrawn status | Lost status | Source of classification or shelving scheme | Damaged status | Not for loan | Collection code | Home library | Current library | Shelving location | Date acquired | Source of acquisition | Total Checkouts | Full call number | Barcode | Date last seen | Copy number | Price effective from | Koha item type |
|---|---|---|---|---|---|---|---|---|---|---|---|---|---|---|---|---|---|
| Dewey Decimal Classification | Non-fiction | Asiatic Society Library | Asiatic Society Library | General Stacks | 10/22/2020 | Complementary | 927 ISZ | 101940 | 10/22/2020 | C-1 | 10/22/2020 | Books | |||||
| Dewey Decimal Classification | Non-fiction | Asiatic Society Library | Asiatic Society Library | Wakil Ahmed Collection | 03/08/2023 | Donated by Prof. Wakil Ahmed | 927 ISZ | 119487 | 03/08/2023 | C-2 | 03/08/2023 | Books |